Missing Word: Tom Hanks (A-Z) Quiz Stats

 Plays Quiz Updated Jan 2, 2013

Support Sporcle.
Go Orange.
Score 0/22 Timer 03:00
0 Plays Today
Hint Missing Word % Correct
Catch _____ if You CanMe
98.8%
_____ GumpForrest
98.3%
Saving _____ RyanPrivate
98%
The Da _____ CodeVinci
97.6%
The _____ MileGreen
96.4%
_____ Got MailYou've
96.3%
Sleepless in _____Seattle
96.3%
Angels & _____Demons
96.1%
The Polar _____Express
96%
A _____ of Their OwnLeague
90.5%
_____ StoryToy
90.1%
Hint Missing Word % Correct
_____ in CommonNothing
89.2%
_____ 13Apollo
88.3%
_____ to PerditionRoad
88%
_____ AwayCast
87.9%
He _____ You're AloneKnows
83.8%
Turner & _____Hooch
83.4%
The Man With _____ Red ShoeOne
83.3%
Charlie Wilson's _____War
80%
Extremely Loud and _____ CloseIncredibly
73%
_____ Versus the VolcanoJoe
69%
The _____ of the VanitiesBonfire
52.6%

Today's Daily Dose

Quick Pick
Nissan Models

Get the Picture
Amazing Trees

Remove Ads.
Support Sporcle.
Get the best of Sporcle when you Go Orange. This ad-free experience offers more features, more stats, and more fun while also helping to support Sporcle. Thank you for becoming a member.

Show Comments

Extras

Top Quizzes Today


Score Distribution

Your Account Isn't Verified!

In order to create a playlist on Sporcle, you need to verify the email address you used during registration. Go to your Sporcle Settings to finish the process.

Report this User

Report this user for behavior that violates our Community Guidelines.

Details: